| 000 | 00829nam a2200313Ia 4500 | ||
|---|---|---|---|
| 005 | 20250425162348.0 | ||
| 008 | 250425s9999 xx 000 0 und d | ||
| 020 | _a8448146204 | ||
| 041 | _aspa | ||
| 043 | _asp | ||
| 082 | _a330.658 | ||
| 100 | _aBAYE, MICHAEL R. | ||
| 245 | 0 | _aECONOMIA DE EMPRESA Y ESTRATEGIA EMPRESARIAL | |
| 250 | _a5A ED. | ||
| 260 |
_aEspaña _bMCGRAWHILL _c2006 |
||
| 260 |
_aMADRID _bMCGRAWHILL |
||
| 300 | _a620 | ||
| 500 | _aTítulo Traducido: MANAGERIAL ECONOMICS AND BUSINESS STRATEGY | ||
| 650 | _aCOMPETENCIA-ECONOMIA | ||
| 650 | _aCOMPETENCIA-ECONOMIA | ||
| 650 | _aECONOMIA DE LA EMPRESA | ||
| 650 | _aECONOMIA DE LA EMPRESA | ||
| 650 | _aMERCADO | ||
| 650 | _aMERCADO | ||
| 700 |
_aYAGO MORENO _etraductor |
||
| 710 | _aMCGRAW-HILL | ||
| 942 | _c01 | ||
| 010 | _a66072 | ||
| 999 |
_c227713 _d227713 |
||